[Event "Manhattan op"]
[Site "New York"]
[Date "2011.08.19"]
[Round "4"]
[White "Getz, Alec S"]
[Black "Krush, Irina"]
[Result "0-1"]
[WhiteElo "2313"]
[BlackElo "2486"]
[PlyCount "50"]
[EventDate "2011.08.17"]
[EventType "swiss"]
[EventRounds "9"]
[EventCountry "USA"]
[SourceTitle "OM OTB B 201907"]
[Source "Opening Master"]
[SourceDate "2019.07.06"]
[SourceVersion "2"]
[SourceVersionDate "2019.07.06"]
[SourceQuality "1"]

1. e4 c5 2. Nf3 d6 3. d4 cxd4 4. Nxd4 Nf6 5. Nc3 Nc6 6. Be2 e5 7. Nf3 h6 8. O-O
Be7 9. Re1 O-O 10. h3 Be6 11. Bf1 Nb8 12. Nd5 Nxd5 13. exd5 Bf5 14. a4 a5 15.
Ra3 Nd7 16. Rae3 Bg6 17. b3 Rc8 18. c4 Nc5 19. Ba3 Qd7 20. Bb2 Bd8 21. Qa1 f5
22. Bxe5 f4 23. Bxd6 fxe3 24. Bxf8 exf2+ 25. Kxf2 Bf6 0-1

[Event "Rewal op-B 16th"]
[Site "Rewal"]
[Date "2011.08.19"]
[Round "1"]
[White "Grzesik, Norbert"]
[Black "Klementowski, Dawid"]
[Result "0-1"]
[WhiteElo "1901"]
[BlackElo "1623"]
[PlyCount "108"]
[EventDate "2011.08.18"]
[EventType "swiss"]
[EventRounds "9"]
[EventCountry "POL"]
[SourceTitle "OM OTB B 201907"]
[Source "Opening Master"]
[SourceDate "2019.07.06"]
[SourceVersion "2"]
[SourceVersionDate "2019.07.06"]
[SourceQuality "1"]

1. e4 c5 2. Nf3 d6 3. d4 Nf6 4. Nc3 cxd4 5. Nxd4 Nc6 6. Be2 e5 7. Nf3 h6 8. Bc4
Be7 9. O-O Bg4 10. h3 Bh5 11. a4 O-O 12. Be3 Rc8 13. Bd5 a6 14. Bxc6 bxc6 15.
a5 d5 16. Bb6 Qd6 17. Qe2 d4 18. Na4 Qe6 19. Bc5 Rfe8 20. Qd3 Bxf3 21. Qxf3
Bxc5 22. Nxc5 Qc4 23. Qa3 Qxc2 24. Rac1 Qe2 25. Rfe1 Qb5 26. Nd3 Nd7 27. b4 Rb8
28. Rc2 Re6 29. Rec1 Kh7 30. Rc4 Rg6 31. Qb2 Qb7 32. Qc2 Rc8 33. f4 exf4 34.
Nxf4 Rf6 35. e5+ Rg6 36. Nxg6 fxg6 37. Rxc6 d3 38. Rxc8 dxc2 39. R1xc2 Nxe5 40.
R2c5 Nd3 41. Rc4 Qf7 42. R8c6 Ne5 43. Rc7 Qxc4 44. Rxc4 Nxc4 45. Kf2 Na3 46.
Kf3 Nc2 47. b5 Nd4+ 48. Ke4 Nxb5 49. Kd5 g5 50. Kc5 Na3 51. Kb4 Nb5 52. Kc5 Kg6
53. g4 Kf6 54. Kd5 g6 0-1

[Event "Universiad (Women) 26th"]
[Site "Shenzhen"]
[Date "2011.08.18"]
[Round "5"]
[White "Munguntuul, Batkhuyag"]
[Black "Fuchs, Judith"]
[Result "1-0"]
[WhiteElo "2457"]
[BlackElo "2246"]
[PlyCount "70"]
[EventDate "2011.08.15"]
[EventType "swiss"]
[EventRounds "9"]
[EventCountry "CHN"]
[SourceTitle "OM OTB B 201907"]
[Source "Opening Master"]
[SourceDate "2019.07.06"]
[SourceVersion "2"]
[SourceVersionDate "2019.07.06"]
[SourceQuality "1"]

1. e4 c5 2. Nf3 d6 3. d4 cxd4 4. Nxd4 Nf6 5. Nc3 Nc6 6. Be2 e5 7. Nf3 h6 8. O-O
Be7 9. h3 O-O 10. Bc4 a6 11. Qe2 Na5 12. Bb3 Nxb3 13. axb3 Be6 14. Rd1 Qc7 15.
Nd5 Nxd5 16. exd5 Bf5 17. c4 Bg6 18. Ne1 f5 19. f4 Rae8 20. Nd3 Bd8 21. Be3 Qf7
22. Qf2 Bh5 23. Re1 g5 24. fxe5 dxe5 25. Bc5 e4 26. Bxf8 Qxf8 27. Nc5 Bb6 28.
b4 f4 29. Qd4 e3 30. d6 e2 31. Ra3 Rd8 32. Rd3 a5 33. Kh1 f3 34. Qd5+ Kh7 35.
gxf3 Bg6 1-0

[Event "Universiad (Women) 26th"]
[Site "Shenzhen"]
[Date "2011.08.16"]
[Round "3"]
[White "Verdiana, Norasa"]
[Black "Fuchs, Judith"]
[Result "0-1"]
[WhiteElo "1894"]
[BlackElo "2246"]
[PlyCount "72"]
[EventDate "2011.08.15"]
[EventType "swiss"]
[EventRounds "9"]
[EventCountry "CHN"]
[SourceTitle "OM OTB B 201907"]
[Source "Opening Master"]
[SourceDate "2019.07.06"]
[SourceVersion "2"]
[SourceVersionDate "2019.07.06"]
[SourceQuality "1"]

1. e4 c5 2. Nf3 d6 3. d4 cxd4 4. Nxd4 Nf6 5. Nc3 Nc6 6. Be2 e5 7. Nb3 Be7 8.
O-O O-O 9. Be3 Be6 10. f4 exf4 11. Bxf4 d5 12. exd5 Nxd5 13. Nxd5 Bxd5 14. Bf3
Qb6+ 15. Kh1 Bc4 16. Be2 Be6 17. Qe1 Rfe8 18. Qg3 Rac8 19. Be3 Bd6 20. Qf2 Qc7
21. Bb5 Bxh2 22. Nd4 Bg3 23. Nb3 Bh2 24. Nd4 Bg3 25. Qf3 Nxd4 26. Bxd4 Red8 27.
Bxg7 Rd5 28. Bd3 Kxg7 29. Be4 Rcd8 30. c4 Rd4 31. Qf6+ Kg8 32. Qg5+ Kf8 33.
Qh6+ Ke8 34. Qxh7 Qe5 35. Qg8+ Ke7 36. Qh7 Rh8 0-1

[Event "Southern California-ch 23rd"]
[Site "Beverly Hills"]
[Date "2011.08.14"]
[Round "4"]
[White "Taylor, Timothy"]
[Black "Gutman, Joshua"]
[Result "1-0"]
[WhiteElo "2279"]
[BlackElo "2107"]
[PlyCount "57"]
[EventDate "2011.08.13"]
[EventType "tourn"]
[EventRounds "7"]
[EventCountry "USA"]
[SourceTitle "OM OTB B 201907"]
[Source "Opening Master"]
[SourceDate "2019.07.06"]
[SourceVersion "2"]
[SourceVersionDate "2019.07.06"]
[SourceQuality "1"]

1. e4 c5 2. Nf3 d6 3. d4 cxd4 4. Nxd4 Nf6 5. Nc3 Nc6 6. Be2 e5 7. Nf3 Be7 8.
Bg5 Be6 9. O-O a6 10. Bxf6 Bxf6 11. Nd5 Ne7 12. Nxf6+ gxf6 13. Qd2 Qc7 14. Rfd1
Rd8 15. c4 Ng6 16. Rac1 Rd7 17. g3 h5 18. h4 f5 19. Ng5 f4 20. Nxe6 fxe6 21.
Rc3 Qc5 22. Kg2 fxg3 23. fxg3 Rg7 24. Qxd6 Qxd6 25. Rxd6 Ke7 26. Rb6 Nf4+ 27.
Kf1 Nxe2 28. Kxe2 Kf6 29. Rf3+ 1-0

[Event "Budapest FS08 IM-B"]
[Site "Budapest"]
[Date "2011.08.13"]
[Round "8"]
[White "Lengyel, Bela"]
[Black "Brinck Claussen, Bjorn"]
[Result "1-0"]
[WhiteElo "2276"]
[BlackElo "2276"]
[PlyCount "75"]
[EventDate "2011.08.06"]
[EventType "tourn"]
[EventRounds "10"]
[EventCountry "HUN"]
[EventCategory "1"]
[SourceTitle "OM OTB B 201907"]
[Source "Opening Master"]
[SourceDate "2019.07.06"]
[SourceVersion "2"]
[SourceVersionDate "2019.07.06"]
[SourceQuality "1"]

1. e4 c5 2. Nf3 d6 3. d4 cxd4 4. Nxd4 Nf6 5. Nc3 Nc6 6. Be2 e5 7. Nb3 Be7 8.
O-O O-O 9. Be3 Be6 10. f4 exf4 11. Bxf4 d5 12. e5 Ne4 13. Nxe4 dxe4 14. c3 Qb6+
15. Kh1 a5 16. Qc2 Bf5 17. Nd2 Bc5 18. Nxe4 Bg6 19. Bd3 Rae8 20. Nd6 Bxd3 21.
Qxd3 Re6 22. Nc4 Qc7 23. a4 Rd8 24. Qf3 Rd7 25. Rad1 Ba7 26. b3 h6 27. Bg3 Rxd1
28. Qxd1 Qe7 29. Nd6 Nxe5 30. Nc8 Qc5 31. Qd8+ Kh7 32. Bf2 Qxf2 33. Rxf2 Bxf2
34. Ne7 h5 35. g3 Bc5 36. Qg8+ Kh6 37. Nf5+ Kg5 38. Nxg7 1-0

[Event "Krakow op"]
[Site "Krakow"]
[Date "2011.08.12"]
[Round "8"]
[White "Martin Perez, Javier"]
[Black "Watorek, Marcin"]
[Result "1/2-1/2"]
[WhiteElo "2182"]
[BlackElo "2125"]
[PlyCount "67"]
[EventDate "2011.08.06"]
[EventType "swiss"]
[EventRounds "9"]
[EventCountry "POL"]
[SourceTitle "OM OTB B 201907"]
[Source "Opening Master"]
[SourceDate "2019.07.06"]
[SourceVersion "2"]
[SourceVersionDate "2019.07.06"]
[SourceQuality "1"]

1. e4 c5 2. Nf3 d6 3. d4 cxd4 4. Nxd4 Nf6 5. Nc3 Nc6 6. Be2 e5 7. Nb3 Be7 8.
O-O O-O 9. Be3 Be6 10. f4 a5 11. a4 Nb4 12. Kh1 Rc8 13. Bf3 d5 14. f5 Bd7 15.
exd5 Bxf5 16. Rc1 e4 17. Be2 Bg6 18. d6 Bxd6 19. Nb5 Be5 20. Bc5 Re8 21. Bd6 b6
22. Bxe5 Rxe5 23. c3 Nd3 24. Rc2 e3 25. Kg1 Nf2 26. Qxd8+ Rxd8 27. Rcc1 N6e4
28. N3d4 Nd2 29. Nc6 Nxf1 30. Nxe5 Nd2 31. Nxg6 hxg6 32. Nd4 f5 33. g3 Kf7 34.
Rc2 1/2-1/2

[Event "Novokuznetsk op"]
[Site "Novokuznetsk"]
[Date "2011.08.12"]
[Round "2"]
[White "Isupov, Vladimir"]
[Black "Chernov, Mikhail"]
[Result "1/2-1/2"]
[WhiteElo "2411"]
[BlackElo "2141"]
[PlyCount "114"]
[EventDate "2011.08.11"]
[EventType "swiss"]
[EventRounds "9"]
[EventCountry "RUS"]
[SourceTitle "OM OTB B 201907"]
[Source "Opening Master"]
[SourceDate "2019.07.06"]
[SourceVersion "2"]
[SourceVersionDate "2019.07.06"]
[SourceQuality "1"]

1. e4 c5 2. Nf3 Nc6 3. d4 cxd4 4. Nxd4 Nf6 5. Nc3 d6 6. Be2 e5 7. Nf3 h6 8. O-O
Be7 9. Re1 O-O 10. h3 Be6 11. Bf1 Nb8 12. Nb1 Qc7 13. b3 Qc6 14. Qe2 Rc8 15. c4
b5 16. Na3 b4 17. Nc2 a5 18. g3 Na6 19. Bg2 Nc5 20. Nd2 Qb7 21. Rb1 a4 22. Ne3
Bd7 23. Bb2 Bc6 24. Nf5 Bf8 25. Qf3 Nh7 26. Qe3 Re8 27. f3 Qa7 28. Kh2 Ne6 29.
Qd3 Nc5 30. Qc2 g6 31. Ne3 Bg7 32. h4 Nf6 33. Bh3 Bd7 34. Bxd7 Qxd7 35. Rbd1
Qe6 36. Ndf1 h5 37. Nd5 Nxd5 38. Rxd5 axb3 39. axb3 Ra2 40. Red1 Bf8 41. Ra1
Rxa1 42. Bxa1 Ra8 43. Bb2 Bh6 44. Kg2 Ra6 45. Kf2 Qh3 46. Qd1 Ra2 47. Qb1 Ra6
48. Bxe5 Nxe4+ 49. Qxe4 Ra2+ 50. Ke1 dxe5 51. Rd8+ Kh7 52. Ra8 Rb2 53. Ra7 Qg2
54. Rxf7+ Bg7 55. Rxg7+ Kxg7 56. Qxe5+ Kf7 57. Qd5+ Ke7 1/2-1/2

[Event "Wch U20 50th"]
[Site "Chennai"]
[Date "2011.08.10"]
[Round "8"]
[White "Herman, Jean"]
[Black "Hercules, Benjamin Vincent"]
[Result "1/2-1/2"]
[WhiteElo "2105"]
[BlackElo "2089"]
[PlyCount "62"]
[EventDate "2011.08.02"]
[EventType "swiss"]
[EventRounds "13"]
[EventCountry "IND"]
[SourceTitle "OM OTB B 201907"]
[Source "Opening Master"]
[SourceDate "2019.07.06"]
[SourceVersion "2"]
[SourceVersionDate "2019.07.06"]
[SourceQuality "1"]

1. e4 c5 2. Nf3 Nc6 3. d4 cxd4 4. Nxd4 Nf6 5. Nc3 d6 6. Be2 e5 7. Nb3 Be7 8.
O-O Be6 9. Bg5 O-O 10. Bxf6 Bxf6 11. Nd5 Bg5 12. c3 Kh8 13. Bg4 Qd7 14. h3 f5
15. exf5 Bxf5 16. Bxf5 Qxf5 17. Qg4 Qxg4 18. hxg4 Ne7 19. Nxe7 Bxe7 20. Rad1
Rf4 21. f3 a5 22. Rd5 b6 23. Nd2 Kg8 24. Kf2 Raf8 25. Ke3 Kf7 26. Ne4 Ke6 27.
Rfd1 Rd8 28. c4 Rff8 29. Rb5 Rb8 30. a4 Rfc8 31. b3 Rc6 1/2-1/2

[Event "EU Union-ch U12 9th"]
[Site "Mureck"]
[Date "2011.08.10"]
[Round "8"]
[White "Janska, Jitka"]
[Black "Nguyen, Thai Dai Van"]
[Result "0-1"]
[WhiteElo "1705"]
[BlackElo "1762"]
[PlyCount "88"]
[EventDate "2011.08.03"]
[EventType "swiss"]
[EventRounds "9"]
[EventCountry "AUT"]
[SourceTitle "OM OTB B 201907"]
[Source "Opening Master"]
[SourceDate "2019.07.06"]
[SourceVersion "2"]
[SourceVersionDate "2019.07.06"]
[SourceQuality "1"]

1. e4 c5 2. Nf3 d6 3. d4 cxd4 4. Nxd4 Nf6 5. Nc3 Nc6 6. Be2 e5 7. Nf3 h6 8. O-O
Be6 9. Re1 Be7 10. h3 O-O 11. Bf1 Rc8 12. Be3 Qd7 13. Qd2 Rfd8 14. Rad1 Bf8 15.
Qc1 Qc7 16. a3 Rd7 17. Nd5 Qd8 18. Nc3 Qe8 19. Bd3 Rcd8 20. Bb5 a6 21. Bd3 Be7
22. Na4 b5 23. Nb6 Rb7 24. a4 Rdb8 25. axb5 axb5 26. Nd5 Bxd5 27. exd5 Nxd5 28.
Bh7+ Kxh7 29. Rxd5 Nb4 30. Rdd1 Rc8 31. c3 Na6 32. Qd2 Qc6 33. Ra1 Nc5 34. Bxc5
Qxc5 35. Qe2 f5 36. b4 Qb6 37. Rec1 Rbc7 38. Ra5 Rc4 39. Nd2 Rxb4 40. cxb4
Rxc1+ 41. Kh2 Bh4 42. g3 Bf6 43. Rxb5 Qc6 44. Nf3 Rc2 0-1

[Event "Krakow op"]
[Site "Krakow"]
[Date "2011.08.09"]
[Round "5"]
[White "Kumor, Lukasz"]
[Black "Watorek, Marcin"]
[Result "0-1"]
[WhiteElo "2116"]
[BlackElo "2125"]
[PlyCount "88"]
[EventDate "2011.08.06"]
[EventType "swiss"]
[EventRounds "9"]
[EventCountry "POL"]
[SourceTitle "OM OTB B 201907"]
[Source "Opening Master"]
[SourceDate "2019.07.06"]
[SourceVersion "2"]
[SourceVersionDate "2019.07.06"]
[SourceQuality "1"]

1. e4 c5 2. Nf3 d6 3. d4 cxd4 4. Nxd4 Nf6 5. Nc3 Nc6 6. Be2 e5 7. Nb3 Be7 8.
O-O O-O 9. Kh1 a5 10. a4 Nb4 11. f4 Be6 12. Be3 Rc8 13. Bf3 Qc7 14. Rf2 b6 15.
Rd2 Rfd8 16. Nc1 Na6 17. Nd3 Nc5 18. Qe1 Nfd7 19. f5 Bc4 20. b3 Nxd3 21. Rxd3
Bxd3 22. Nd5 Qxc2 23. Rc1 Qxc1 24. Bxc1 Bf8 25. Qe3 Nc5 26. Bd2 Bc2 27. f6 g6
28. Bg4 Rb8 29. b4 axb4 30. Bxb4 Bxa4 31. h4 Bc6 32. h5 Bxd5 33. exd5 Ra8 34.
Bd2 Ra4 35. Bh3 Ne4 36. Qxb6 Rda8 37. Be3 Nxf6 38. Qb7 R4a5 39. Bb6 R5a6 40.
Bc8 Nxd5 41. Bf2 Ra1+ 42. Kh2 Nf4 43. Be3 Bh6 44. Qe7 R1a2 0-1

[Event "Budapest FS08 IM-B"]
[Site "Budapest"]
[Date "2011.08.09"]
[Round "4"]
[White "Lengyel, Bela"]
[Black "Frigieri, Fabrizio"]
[Result "0-1"]
[WhiteElo "2276"]
[BlackElo "2148"]
[PlyCount "98"]
[EventDate "2011.08.06"]
[EventType "tourn"]
[EventRounds "10"]
[EventCountry "HUN"]
[EventCategory "1"]
[SourceTitle "OM OTB B 201907"]
[Source "Opening Master"]
[SourceDate "2019.07.06"]
[SourceVersion "2"]
[SourceVersionDate "2019.07.06"]
[SourceQuality "1"]

1. e4 c5 2. Nf3 d6 3. d4 cxd4 4. Nxd4 Nf6 5. Nc3 Nc6 6. Be2 e5 7. Nb3 Be7 8.
O-O O-O 9. Bg5 Nxe4 10. Nxe4 Bxg5 11. Nxd6 Be6 12. Nc5 Qe7 13. Nxe6 Qxe6 14.
Bc4 Qe7 15. Ne4 Bh6 16. Bd5 Rad8 17. c4 Kh8 18. Qh5 Nd4 19. Rad1 f5 20. Nc3 Qb4
21. Ne2 Qxb2 22. Nxd4 exd4 23. Qh4 b5 24. Rb1 Qxa2 25. Qxd4 bxc4 26. Qxc4 Qxc4
27. Bxc4 g6 28. Rb7 a5 29. g3 Rc8 30. Be6 Rc1 31. Ra7 Rxf1+ 32. Kxf1 Bd2 33.
Ke2 Bb4 34. Kd3 Rd8+ 35. Rd7 Re8 36. Bf7 Re1 37. Bb3 Rc1 38. Bc2 Rf1 39. Ke2
Re1+ 40. Kd3 Rh1 41. Rc7 Rxh2 42. Ke2 Bd6 43. Rc8+ Kg7 44. Kf1 Rh1+ 45. Kg2 Ra1
46. Rc6 Be5 47. f4 Bd4 48. Rc4 Ra2 49. Kf1 h5 0-1

[Event "GER-UKR (Women)"]
[Site "Dresden"]
[Date "2011.08.09"]
[Round "3"]
[White "Tkachova, Anastasia"]
[Black "Osmanodja, Filiz"]
[Result "0-1"]
[WhiteElo "1993"]
[BlackElo "2011"]
[PlyCount "122"]
[EventDate "2011.08.07"]
[EventType "team-match"]
[EventRounds "4"]
[EventCountry "GER"]
[SourceTitle "OM OTB B 201907"]
[Source "Opening Master"]
[SourceDate "2019.07.06"]
[SourceVersion "2"]
[SourceVersionDate "2019.07.06"]
[SourceQuality "1"]

1. e4 c5 2. Nf3 d6 3. d4 cxd4 4. Nxd4 Nf6 5. Nc3 Nc6 6. Be2 e5 7. Nb3 Be7 8.
Be3 Be6 9. O-O O-O 10. Qd2 a5 11. a4 Nb4 12. Rfd1 Rc8 13. Bf3 b6 14. Rac1 Qc7
15. Bg5 Rfd8 16. Bxf6 Bxf6 17. Na1 h6 18. Rb1 Bg5 19. Qe1 Qc6 20. g3 Rd7 21. h4
Be7 22. Nd5 Na6 23. Be2 Nc7 24. Qd2 Bxd5 25. exd5 Qxa4 26. b3 Qe4 27. Qd3 Qxd3
28. Rxd3 f5 29. Rc3 Rdd8 30. Rd1 Ne8 31. Rxc8 Rxc8 32. Bb5 Nf6 33. Bc6 Ne4 34.
c4 Nc5 35. f3 Bf6 36. Rb1 f4 37. Kg2 fxg3 38. Kxg3 e4 39. fxe4 Nxe4+ 40. Kg4 g6
41. h5 Bxa1 42. Rxa1 Nf6+ 43. Kh4 Nxh5 44. b4 axb4 45. Rb1 Nf4 46. Rxb4 Rb8 47.
Rb1 Nd3 48. Bb5 Ne5 49. Ba6 Kg7 50. Rb2 g5+ 51. Kh3 Kg6 52. Rb1 h5 53. Rb2 g4+
54. Kh4 Nf3+ 55. Kg3 Kg5 56. Re2 h4+ 57. Kf2 Ne5 58. Kg2 h3+ 59. Kh2 Kh4 60.
Re4 Ra8 61. Bb5 Nf3+ 0-1

[Event "Creon op 16th"]
[Site "Creon"]
[Date "2011.08.07"]
[Round "9"]
[White "De Barros, Frederic"]
[Black "Le Corre, Benjamin"]
[Result "1-0"]
[WhiteElo "2099"]
[BlackElo "2341"]
[PlyCount "69"]
[EventDate "2011.08.01"]
[EventType "swiss"]
[EventRounds "9"]
[EventCountry "FRA"]
[SourceTitle "OM OTB B 201907"]
[Source "Opening Master"]
[SourceDate "2019.07.06"]
[SourceVersion "2"]
[SourceVersionDate "2019.07.06"]
[SourceQuality "1"]

1. e4 c5 2. Nf3 Nc6 3. d4 cxd4 4. Nxd4 Nf6 5. Nc3 d6 6. Be2 e5 7. Nf3 h6 8. O-O
Be6 9. Re1 Be7 10. h3 O-O 11. Bf1 a6 12. Nd5 Bxd5 13. exd5 Nb8 14. c4 Nbd7 15.
b3 Nh7 16. a4 a5 17. Ba3 b6 18. b4 axb4 19. Bxb4 Qc7 20. Nd4 Nb8 21. Nf5 Kh8
22. f4 Na6 23. Ba3 Qd7 24. Nxe7 Qxe7 25. fxe5 Nc5 26. Bb2 dxe5 27. Bxe5 f6 28.
Bd4 Qd6 29. Bd3 Ng5 30. Bf5 g6 31. h4 gxf5 32. hxg5 Kh7 33. gxf6 Ne4 34. Qf3
Rxf6 35. Rxe4 1-0

[Event "Srpska Republic-chT 1st League"]
[Site "Banja Vrucica"]
[Date "2011.08.07"]
[Round "2"]
[White "Kitic, Radislav"]
[Black "Jelecevic, Ivo"]
[Result "1-0"]
[WhiteElo "2187"]
[BlackElo "2181"]
[PlyCount "75"]
[EventDate "2011.08.06"]
[EventType "team-tourn"]
[EventRounds "9"]
[EventCountry "BIH"]
[SourceTitle "OM OTB B 201907"]
[Source "Opening Master"]
[SourceDate "2019.07.06"]
[SourceVersion "2"]
[SourceVersionDate "2019.07.06"]
[SourceQuality "1"]

1. e4 c5 2. Nf3 d6 3. d4 Nf6 4. Nc3 cxd4 5. Nxd4 Nc6 6. Be2 e5 7. Nb3 Be7 8.
Be3 O-O 9. O-O Be6 10. Qd2 a6 11. Rfd1 Ng4 12. Bxg4 Bxg4 13. f3 Be6 14. Nd5
Bxd5 15. Qxd5 Qc7 16. c3 Kh8 17. a4 f5 18. Nd2 f4 19. Bf2 g5 20. Nc4 Rf6 21.
Bb6 Qc8 22. h3 Bf8 23. Bf2 Qe8 24. b4 Rc8 25. Nb6 Rc7 26. b5 Nb8 27. Qd3 Rg6
28. Nd5 Rc8 29. Rab1 h5 30. Kf1 Qe6 31. Ke2 Kg8 32. a5 Rg7 33. Rb2 axb5 34.
Rxb5 Nc6 35. Qb1 Ne7 36. Rxb7 Nxd5 37. Rxg7+ Bxg7 38. exd5 1-0

[Event "Medellin Cuartas Memorial"]
[Site "Medellin"]
[Date "2011.08.06"]
[Round "6"]
[White "Prieto, Ernesto"]
[Black "Tovio, Israel"]
[Result "1/2-1/2"]
[WhiteElo "2122"]
[BlackElo "2294"]
[PlyCount "43"]
[EventDate "2011.08.03"]
[EventType "swiss"]
[EventRounds "8"]
[EventCountry "COL"]
[SourceTitle "OM OTB B 201907"]
[Source "Opening Master"]
[SourceDate "2019.07.06"]
[SourceVersion "2"]
[SourceVersionDate "2019.07.06"]
[SourceQuality "1"]

1. e4 c5 2. Nf3 d6 3. d4 cxd4 4. Nxd4 Nf6 5. Nc3 Nc6 6. Be2 e5 7. Nb3 Be7 8.
O-O O-O 9. Be3 Be6 10. Bf3 a5 11. Nd5 Bxd5 12. exd5 Nb4 13. c4 b6 14. a3 Na6
15. Nd2 Nc5 16. Rb1 a4 17. Qc2 Nfd7 18. Be2 f5 19. f3 Bg5 20. Bf2 Qc7 21. Rbd1
Bxd2 22. Qxd2 1/2-1/2

[Event "Medellin Cuartas Memorial"]
[Site "Medellin"]
[Date "2011.08.06"]
[Round "5"]
[White "Herrera, Juan Sebastian"]
[Black "Vittorino, Carlo Giovanni"]
[Result "1-0"]
[WhiteElo "2089"]
[BlackElo "2326"]
[PlyCount "89"]
[EventDate "2011.08.03"]
[EventType "swiss"]
[EventRounds "8"]
[EventCountry "COL"]
[SourceTitle "OM OTB B 201907"]
[Source "Opening Master"]
[SourceDate "2019.07.06"]
[SourceVersion "2"]
[SourceVersionDate "2019.07.06"]
[SourceQuality "1"]

1. e4 c5 2. Nf3 d6 3. d4 cxd4 4. Nxd4 Nf6 5. Nc3 Nc6 6. Be2 e5 7. Nf3 h6 8. O-O
Be6 9. Re1 Rc8 10. Bf1 Nb8 11. Nd5 Nxd5 12. exd5 Bd7 13. c4 Be7 14. b4 O-O 15.
Bb2 a5 16. a3 Na6 17. Qd2 axb4 18. axb4 Bg4 19. Re3 Qb6 20. Bc3 Bxf3 21. Rxf3
Ra8 22. Bd3 Nc7 23. Rb1 Bg5 24. Qe1 Ne8 25. c5 dxc5 26. bxc5 Qxc5 27. Bb4 Qxd5
28. Be4 Qe6 29. Bxf8 Kxf8 30. Rxb7 Rd8 31. Rbxf7+ Qxf7 32. Rxf7+ Kxf7 33. g3
Rd4 34. Bc6 Bf6 35. f4 e4 36. Bxe4 Nd6 37. Bb1 Kf8 38. Kg2 Nc4 39. Bg6 Nd6 40.
Kh3 Ra4 41. Qe6 Rd4 42. Bc2 Rd2 43. Bb3 Rd3 44. Bd5 Rxd5 45. Qxd5 1-0

[Event "Medellin Cuartas Memorial"]
[Site "Medellin"]
[Date "2011.08.05"]
[Round "4"]
[White "Laverde, Luis Eduardo"]
[Black "Tovio, Israel"]
[Result "0-1"]
[WhiteElo "2139"]
[BlackElo "2294"]
[PlyCount "74"]
[EventDate "2011.08.03"]
[EventType "swiss"]
[EventRounds "8"]
[EventCountry "COL"]
[SourceTitle "OM OTB B 201907"]
[Source "Opening Master"]
[SourceDate "2019.07.06"]
[SourceVersion "2"]
[SourceVersionDate "2019.07.06"]
[SourceQuality "1"]

1. e4 c5 2. Nf3 d6 3. d4 cxd4 4. Nxd4 Nf6 5. Nc3 Nc6 6. Be2 e5 7. Nb3 Be7 8.
O-O O-O 9. h3 a5 10. Be3 Be6 11. f4 exf4 12. Rxf4 d5 13. exd5 Nxd5 14. Nxd5
Bxd5 15. c4 Be6 16. Qxd8 Rfxd8 17. Bb6 Re8 18. Bf3 Bg5 19. Re4 Bf6 20. Rb1 Rec8
21. Bg4 Bxg4 22. hxg4 a4 23. Nd2 Nb4 24. c5 Nd3 25. Nc4 Nxc5 26. Bxc5 Rxc5 27.
Nb6 Rd8 28. Nd7 Rc2 29. Rbe1 Rcc8 30. Nb6 Rb8 31. Nd7 Bh4 32. g3 Bxg3 33. R1e2
f5 34. Re7 Bd6 35. Nxb8 Bxe7 36. Rxe7 Rxb8 37. gxf5 Rf8 0-1

[Event "Germany ch65 V05"]
[Site "BdF server"]
[Date "2011.08.04"]
[Round "?"]
[White "Klausner, Helmut"]
[Black "Gross Winter, Guenter"]
[Result "1/2-1/2"]
[WhiteElo "1874"]
[BlackElo "2027"]
[PlyCount "52"]
[EventDate "2011.08.08"]
[EventType "tourn (corr)"]
[EventRounds "6"]
[EventCountry "GER"]
[SourceTitle "UltraCorr previous"]
[Source "Tim Harding"]
[SourceDate "2019.01.10"]
[SourceVersion "2"]
[SourceVersionDate "2019.01.10"]
[SourceQuality "1"]

1. e4 c5 2. Nf3 d6 3. d4 cxd4 4. Nxd4 Nf6 5. Nc3 Nc6 6. Be2 e5 7. Nb3 Be7 8.
O-O O-O 9. Bf3 a5 10. a4 Nb4 11. Bg5 Be6 12. Nb5 h6 13. Bxf6 Bxf6 14. c3 Na6
15. Bg4 Bc4 16. Re1 d5 17. exd5 Bxd5 18. Bf3 Bxf3 19. Qxf3 Qb6 20. Qe3 Qxe3 21.
Rxe3 b6 22. Nd6 Be7 23. Nf5 Bf6 24. g3 Rfd8 25. Kg2 Rab8 26. Ree1 Nc5 1/2-1/2

[Event "EU Union-ch U12 9th"]
[Site "Mureck"]
[Date "2011.08.03"]
[Round "1"]
[White "Fernandes, Tiago Saraiva"]
[Black "Capone, Nicola"]
[Result "0-1"]
[WhiteElo "1521"]
[BlackElo "2005"]
[PlyCount "82"]
[EventDate "2011.08.03"]
[EventType "swiss"]
[EventRounds "9"]
[EventCountry "AUT"]
[SourceTitle "OM OTB B 201907"]
[Source "Opening Master"]
[SourceDate "2019.07.06"]
[SourceVersion "2"]
[SourceVersionDate "2019.07.06"]
[SourceQuality "1"]

1. e4 c5 2. Nf3 d6 3. d4 cxd4 4. Nxd4 Nf6 5. Nc3 Nc6 6. Be2 e5 7. Nb3 h6 8. O-O
Be7 9. Be3 O-O 10. f3 Be6 11. Qd2 d5 12. exd5 Nxd5 13. Nxd5 Qxd5 14. Qxd5 Bxd5
15. c3 Rfd8 16. Rfd1 Rac8 17. Kf2 Kh7 18. Rd2 f5 19. f4 e4 20. Nd4 Nxd4 21.
Bxd4 g5 22. Be3 Be6 23. a3 Rxd2 24. Bxd2 Bc5+ 25. Be3 gxf4 26. Bxc5 Rxc5 27.
Kg1 Kg6 28. Rf1 Kg5 29. h4+ Kxh4 30. Rxf4+ Kg3 31. Rf1 f4 32. Rf2 Bd5 33. Rf1
Bc6 34. Rf2 a5 35. Rf1 f3 36. gxf3 exf3 37. Bd3 Rh5 38. Rf2 a4 39. c4 Rh4 40.
c5 h5 41. Rf1 f2+ 0-1

[Event "Borne Euro Chess op-A"]
[Site "Borne"]
[Date "2011.08.02"]
[Round "3"]
[White "Slagter, David"]
[Black "Van Osch, Mees"]
[Result "1/2-1/2"]
[WhiteElo "2130"]
[BlackElo "2006"]
[PlyCount "53"]
[EventDate "2011.08.01"]
[EventType "swiss"]
[EventRounds "9"]
[EventCountry "NED"]
[SourceTitle "OM OTB B 201907"]
[Source "Opening Master"]
[SourceDate "2019.07.06"]
[SourceVersion "2"]
[SourceVersionDate "2019.07.06"]
[SourceQuality "1"]

1. e4 c5 2. Nf3 d6 3. d4 cxd4 4. Nxd4 Nf6 5. Nc3 Nc6 6. Be2 e5 7. Nb3 Be7 8.
Be3 O-O 9. O-O a5 10. a3 Be6 11. f3 a4 12. Nd2 Qc7 13. Qe1 d5 14. exd5 Nxd5 15.
Nxd5 Bxd5 16. Qf2 Nd4 17. Bxd4 exd4 18. Bd3 Qb6 19. Rab1 Rfe8 20. b3 Bxa3 21.
bxa4 Qh6 22. Nc4 Bxc4 23. Bxc4 b6 24. Kh1 Bc5 25. Qg3 Bd6 26. Qf2 Bc5 27. f4
1/2-1/2